[Event "1st Turkish League 2017"]
[Site "Konya"]
[Date "2017.07.20"]
[Round "2"]
[White "Ince, Safiye Oyku"]
[Black "Saim, Sida"]
[Result "1-0"]
[WhiteElo "1740"]
[BlackElo "1634"]
[Annotator "NA"]
[PlyCount "111"]
[EventType "team-tourn"]
[EventCountry "TUR"]
[SourceTitle "playchess.com"]
[Source "ChessBase"]
[SourceQuality "1"]
[TimeControl "5400+30"]

1. e4 {[%emt 0:00:30]} c5 {[%emt 0:01:00]} 2. Nf3 {[%emt 0:00:30]} d6 {[%emt 0:00:30]} 3. c3 {[%emt 0:00:30]} Nf6 {[%emt 0:00:30]} 4. Bc4 {[%emt 0:00:00]} e6 {[%emt 0:00:00]} 5. Qe2 {[%emt 0:00:00]} Be7 {[%emt 0:00:00]} 6. O-O {[%emt 0:00:00]} O-O {[%emt 0:00:30]} 7. Bb3 {[%emt 0:00:00]} h6 {[%emt 0:02:30]} 8. d3 {[%emt 0:00:00]} Nbd7 {[%emt 0:02:30]} 9. Ne1 {[%emt 0:03:00]} Qc7 {[%emt 0:06:30]} 10. f4 {[%emt 0:00:30]} Nb6 {[%emt 0:05:30]} 11. Rf3 {[%emt 0:03:30]} d5 {[%emt 0:03:30]} 12. e5 {[%emt 0:02:30]} Nh7 {[%emt 0:02:30]} 13. Rg3 {[%emt 0:05:30]} Kh8 {[%emt 0:11:30]} 14. Qh5 {[%emt 0:03:30]} Bd8 {[%emt 0:11:30]} 15. Nf3 {[%emt 0:05:30]} f5 {[%emt 0:03:30]} 16. exf6 {[%emt 0:02:30]} Bxf6 {[%emt 0:02:30]} 17. Nh4 {[%emt 0:03:30]} Bxh4 {[%emt 0:01:30]} 18. Qxh4 {[%emt 0:00:30]} Qd8 {[%emt 0:04:30]} 19. Qg4 {[%emt 0:03:30]} Qf6 {[%emt 0:01:30]} 20. Qe2 {[%emt 0:00:30]} Qf7 {[%emt 0:13:30]} 21. Be3 {[%emt 0:00:30]} Nd7 {[%emt 0:01:30]} 22. d4 {[%emt 0:01:30]} Nhf6 {[%emt 0:03:30]} 23. Bc2 {[%emt 0:00:30]} Nh5 {[%emt 0:01:30]} 24. Rf3 {[%emt 0:02:30]} cxd4 {[%emt 0:03:30]} 25. cxd4 {[%emt 0:01:30]} Ndf6 {[%emt 0:04:13]} 26. Bc1 {[%emt 0:04:30]} Bd7 {[%emt 0:01:16]} 27. Nc3 {[%emt 0:03:30]} g6 {[%emt 0:07:22]} 28. h3 {[%emt 0:01:30]} Ng7 {[%emt 0:00:52]} 29. Rg3 {[%emt 0:00:30]} Nf5 {[%emt 0:00:25]} 30. Rd3 {[%emt 0:00:30]} Nd6 {[%emt 0:01:14]} 31. Rf3 {[%emt 0:02:30]} Bc6 {[%emt 0:00:44]} 32. Qe5 {[%emt 0:00:30]} Nc4 {[%emt 0:00:30]} 33. Qe1 {[%emt 0:00:30]} Nd6 {[%emt 0:00:39]} 34. Qh4 {[%emt 0:00:30]} Kh7 {[%emt 0:01:29]} 35. f5 {[%emt 0:00:30]} exf5 {[%emt 0:02:52]} 36. Qxh6+ {[%emt 0:01:30]} Kg8 {[%emt 0:00:30]} 37. Rg3 {[%emt 0:00:00]} Be8 {[%emt 0:00:07]} 38. Bf4 {[%emt 0:01:00]} Nc8 {[%emt 0:00:57]} 39. Bxf5 {[%emt 0:00:30]} Ne7 {[%emt 0:00:00]} 40. Bc2 {[%emt 0:00:30]} Nh5 {[%emt 0:00:30]} 41. Qxh5 {[%emt 0:02:30]} Qxf4 {[%emt 0:00:04]} 42. Nxd5 {[%emt 0:00:30]} Qxg3 {[%emt 0:01:27]} 43. Nxe7+ {[%emt 0:00:30]} Kg7 {[%emt 0:00:01]} 44. Qe2 {[%emt 0:02:30]} Qd6 {[%emt 0:00:50]} 45. Qe4 {[%emt 0:00:30]} Rd8 {[%emt 0:00:38]} 46. d5 {[%emt 0:01:30]} Rf4 {[%emt 0:00:20]} 47. Qe3 {[%emt 0:01:30]} Bf7 {[%emt 0:00:33]} 48. Re1 {[%emt 0:02:30]} Rc4 {[%emt 0:00:28]} 49. Bxg6 {[%emt 0:01:30]} Bxg6 {[%emt 0:00:45]} 50. Nxg6 {[%emt 0:00:00]} Qxd5 {[%emt 0:00:33]} 51. Ne5 {[%emt 0:01:00]} Rc5 {[%emt 0:00:29]} 52. Qg5+ {[%emt 0:00:30]} Kf8 {[%emt 0:00:26]} 53. Rf1+ {[%emt 0:00:30]} Ke8 {[%emt 0:00:17]} 54. Qg6+ {[%emt 0:00:30]} Ke7 {[%emt 0:00:30]} 55. Qf6+ {[%emt 0:00:30]} Ke8 {[%emt 0:00:30]} 56. Qf8# {[%emt 0:00:00]} 1-0

[Event "1st Turkish League 2017"]
[Site "Konya"]
[Date "2017.07.20"]
[Round "2"]
[White "Sahin, Hayrun Nisa"]
[Black "Erece, Ece Alkim"]
[Result "1/2-1/2"]
[WhiteElo "1576"]
[BlackElo "1829"]
[Annotator "NA"]
[PlyCount "100"]
[EventType "team-tourn"]
[EventCountry "TUR"]
[SourceTitle "playchess.com"]
[Source "ChessBase"]
[SourceQuality "1"]
[TimeControl "5400+30"]

1. e4 {[%emt 0:00:30]} c5 {[%emt 0:01:00]} 2. Nf3 {[%emt 0:00:30]} g6 {[%emt 0:00:00]} 3. c3 {[%emt 0:00:30]} Bg7 {[%emt 0:00:00]} 4. d4 {[%emt 0:00:30]} cxd4 {[%emt 0:00:30]} 5. cxd4 {[%emt 0:00:00]} d5 {[%emt 0:00:30]} 6. exd5 {[%emt 0:01:00]} Nf6 {[%emt 0:00:30]} 7. Nc3 {[%emt 0:00:30]} Nxd5 {[%emt 0:00:00]} 8. Bc4 {[%emt 0:00:30]} Nb6 {[%emt 0:00:00]} 9. Bb3 {[%emt 0:02:30]} O-O {[%emt 0:00:30]} 10. O-O {[%emt 0:00:00]} Nc6 {[%emt 0:01:30]} 11. d5 {[%emt 0:03:00]} Na5 {[%emt 0:05:30]} 12. Re1 {[%emt 0:00:30]} Nxb3 {[%emt 0:07:30]} 13. axb3 {[%emt 0:04:30]} h6 {[%emt 0:03:30] D94: Grünfeld: 4 Nf3 Bg7 5 e3} (13... Bg4 14. h3 Bxf3 15. Qxf3 Re8 16. Bg5 Bxc3 17. bxc3 Qxd5 18. Qxd5 Nxd5 19. c4 f6 20. cxd5 fxg5 21. Rac1 {½-½ (33) Grachev,B (2683)-Goganov,A (2562) Ekaterinburg 2013}) 14. Bf4 $146 {[%emt 0:09:30]} ({Predecessor:} 14. h3 Qd6 15. Be3 Bf5 16. Qd2 g5 17. Nd4 Bd7 18. Ra5 a6 19. Nf3 g4 20. hxg4 Bxg4 21. Ne4 {½-½ (67) Savina,A (2387)-Balaian,A (2230) Sochi 2016}) 14... Bg4 {[%emt 0:06:30]} 15. h3 {[%emt 0:05:30]} Bxf3 {[%emt 0:01:30]} 16. Qxf3 {[%emt 0:00:30]} Nc8 {[%emt 0:18:30]} 17. g4 {[%emt 0:28:30]} Qb6 {[%emt 0:07:30]} 18. Na4 {[%emt 0:08:30]} (18. d6 $5 exd6 19. Nd5 $14) 18... Qb4 {[%emt 0:06:30]} 19. Re4 {[%emt 0:07:30]} Qb5 {[%emt 0:01:30]} 20. Rd1 {[%emt 0:00:30]} Rd8 {[%emt 0:01:30]} 21. Re3 {[%emt 0:03:30]} Rd7 {[%emt 0:04:30]} 22. Red3 {[%emt 0:07:09]} g5 {[%emt 0:10:30]} 23. Bg3 {[%emt 0:01:37]} Nb6 {[%emt 0:02:53]} 24. Nxb6 {[%emt 0:01:10]} Qxb6 {[%emt 0:00:23]} 25. R1d2 {[%emt 0:00:40]} Rad8 {[%emt 0:01:27]} 26. Qe3 {[%emt 0:01:43]} Bf8 {[%emt 0:05:47]} 27. Qxb6 {[%emt 0:02:34]} axb6 {[%emt 0:00:13]} 28. f4 {[%emt 0:03:07]} e6 {[%emt 0:01:46]} 29. fxg5 {[%emt 0:01:20]} hxg5 {[%emt 0:02:53]} 30. d6 {[%emt 0:00:55]} f6 {[%emt 0:00:31]} 31. Kg2 {[%emt 0:01:18]} b5 {[%emt 0:06:23]} (31... Kf7 $17) 32. h4 {[%emt 0:01:55]} Bh6 {[%emt 0:00:31]} ({Black should try} 32... gxh4 $11 33. Bxh4 Rxd6 34. Rxd6 Rxd6 35. Rxd6 Bxd6) 33. Rf2 {[%emt 0:00:28]} gxh4 {[%emt 0:02:19]} 34. Bxh4 {[%emt 0:01:14]} Bg7 {[%emt 0:01:28]} 35. Bxf6 {[%emt 0:00:56]} Bxf6 {[%emt 0:00:30]} 36. Rxf6 {[%emt 0:00:30]} Rxd6 {[%emt 0:00:00]} 37. Re3 {[%emt 0:01:23]} Rd2+ {[%emt 0:00:05]} 38. Kg3 $11 {[%emt 0:00:44]} R8d6 {[%emt 0:01:05]} 39. Rfxe6 {[%emt 0:01:09]} Rxe6 {[%emt 0:00:30]} 40. Rxe6 {[%emt 0:00:00]} Rd3+ {[%emt 0:01:15]} 41. Kh4 {[%emt 0:00:00]} Rxb3 {[%emt 0:00:04]} 42. Re2 {[%emt 0:00:59]} Kf7 {[%emt 0:00:30]} 43. Kg5 {[%emt 0:00:00]} b4 {[%emt 0:00:20]} 44. Rc2 {[%emt 0:00:30]} Ke6 {[%emt 0:00:38]} 45. Kg6 {[%emt 0:01:04]} b5 {[%emt 0:00:47]} 46. Rc5 {[%emt 0:01:23]} Rxb2 {[%emt 0:00:48]} 47. Rxb5 {[%emt 0:00:04]} b3 {[%emt 0:00:29]} 48. g5 {[%emt 0:00:02]} Kd6 {[%emt 0:00:41]} 49. Kg7 {[%emt 0:00:07]} Rg2 {[%emt 0:00:20]} 50. Rxb3 {[%emt 0:00:58]} Kd5 {[%emt 0:00:40]} 1/2-1/2

[Event "1st Turkish League 2017"]
[Site "Konya"]
[Date "2017.07.19"]
[Round "3"]
[White "Solodovnichenko, Yuri"]
[Black "Bogdanovich, Stanislav"]
[Result "0-1"]
[WhiteElo "2587"]
[BlackElo "2574"]
[Annotator "TA"]
[PlyCount "66"]
[EventType "team-tourn"]
[EventCountry "TUR"]
[SourceTitle "playchess.com"]
[Source "ChessBase"]
[SourceQuality "1"]

{[%evp 22,66,34,21,27,37,28,31,42,14,167,135,171,138,135,146,150,143,133,135,189,187,186,151,137,133,339,346,348,336,415,395,991,0,0,0,0,-432,-429,-406,-419,-419,-412,-445,-443,-447,-436]} 1. e4 c5 2. Nf3 Nc6 3. d4 cxd4 4. Nxd4 g6 5. Nc3 Bg7 6. Be3 Nf6 7. Bc4 Qa5 8. O-O O-O 9. Bb3 d6 10. h3 Bd7 11. Re1 Rfc8 {B35: Sicilian: Accelerated Dragon with 5 Nc3: main line} (11... Rac8 12. Qd2 Qa6 13. f4 Rfd8 14. Rad1 b5 15. Ndxb5 Nxe4 16. Qd5 Nf6 17. Qxf7+ Kh8 18. Qc4 Qb7 19. Qe2 Rf8 {½-½ (47) Sasikiran,K (2669)-Matlakov,M (2707) Khanty-Mansiysk 2017}) 12. Nf3 {LiveBook: 7 Games} Qh5 13. Bf4 Be8 $146 {White is slightly better.} ({Predecessor:} 13... Rd8 14. e5 dxe5 15. Nxe5 Qxd1 16. Raxd1 Nxe5 17. Bxe5 Bc6 18. a4 e6 19. Nb5 Rxd1 20. Rxd1 {0-1 (85) Denisov,L (2337)-Bogdanovich,S (2484) Moscow 2011}) 14. Qd2 Nd7 15. Nd5 {Black must now prevent Bg5.} Bxb2 $2 (15... e6 $11) 16. Rab1 $18 Be5 17. Nxe5 dxe5 18. Bg5 {[%cal Bf4g5,Bg5f6,Bf6e5][%mdl 32]} e6 19. Nf6+ Nxf6 20. Bxf6 h6 (20... Rc7 $16 {might work better.}) 21. Re3 $1 $36 {[%mdl 3072] White has strong compensation. Keeping Black busy.} g5 22. Rg3 Kh7 {...Qg6 is the strong threat.} 23. h4 $1 Nd4 $2 (23... Rd8 $16 {was called for.} 24. Bxd8 Rxd8) 24. Re1 Qxh4 {Strongly threatening ...Qf4.} 25. Bxe5 Nxb3 26. Qd6 $1 {[%cal Rd6f8] Hoping for Qf8.} (26. axb3 Qh5 $11) 26... Nd2 $2 (26... Kg8 27. Qe7 Rc5) 27. Qe7 $2 ({Weaker is} 27. Qxd2 Qh5 $11) (27. Qf8 $1 $18 {[%csl Ge5][%cal Rf8g7]} Kg6 28. Qh8 (28. Rh3 Qxh3 29. Qg7+ Kh5 $19)) 27... Nc4 $11 (27... Nxe4 28. Qf8 $1 $16 {[%mdl 512]}) 28. Bf6 $1 {Intending Qf8 and mate.} Qf4 29. Rf3 $2 {[%mdl 8192] [#]} (29. e5 $1 $11 Kg8 30. Bxg5 hxg5 31. Rxg5+ Kh7 32. Rg3) 29... Qd6 $1 $19 30. Bxg5 Qxe7 31. Bxe7 Ne5 32. Rg3 Ng6 33. Bf6 e5 {Precision: White = 72%, Black = 49%.} 0-1

[Event "1st Turkish League 2017"]
[Site "Konya"]
[Date "2017.07.18"]
[Round "3"]
[White "Mirzoev, Azer"]
[Black "Demchenko, Anton"]
[Result "0-1"]
[WhiteElo "2541"]
[BlackElo "2645"]
[Annotator "TA"]
[PlyCount "84"]
[EventType "team-tourn"]
[EventCountry "TUR"]
[SourceTitle "playchess.com"]
[Source "ChessBase"]
[SourceQuality "1"]

{[%evp 21,84,5,18,2,6,0,0,0,0,0,13,14,13,6,9,6,13,-11,16,16,37,41,47,38,32,28,29,39,57,47,48,52,73,0,21,16,16,16,17,18,18,6,4,7,11,4,7,0,29,12,16,0,0,-443,-441,-446,-443,-414,-435,-535,-545,-584,-556,-600,-588]} 1. Nf3 Nf6 2. g3 g6 3. b3 Bg7 4. Bb2 d6 5. d4 O-O 6. Bg2 Nbd7 7. O-O Re8 8. c4 e5 9. dxe5 Ng4 10. Qd2 dxe5 {E60: King's Indian: Unusual lines and Fianchetto Variation without Nc3} 11. h3 Nh6 {LiveBook: 7 Games} 12. Ng5 Nf8 $146 {The position is equal.} ({Predecessor:} 12... Nc5 13. Qxd8 Rxd8 14. Nc3 f6 15. Ba3 Bf8 16. Bxc5 Bxc5 17. Nge4 Be7 18. Nd5 {½-½ (60) Yilmazyerli,M (2426)-Demchenko,A (2589) Gjakova 2016}) 13. Qxd8 (13. Qc1 {looks sharper.} f5 14. Rd1 Qe7 15. e4 c6 16. exf5 gxf5 17. Re1) 13... Rxd8 14. Nc3 f6 15. Nf3 Ne6 16. Rfd1 Bd7 17. e3 Nf7 18. Rd2 Be8 19. Rxd8 Nfxd8 (19... Rxd8 {seems wilder.} 20. g4 f5 21. gxf5 gxf5 22. Nd5 e4) 20. g4 a5 21. Rd1 a4 22. b4 a3 23. Ba1 Nc6 24. Nd5 Kf7 25. Bc3 Rd8 26. Nd2 Na7 27. Rc1 ({White should try} 27. b5 $16) 27... Nc8 28. b5 c6 29. bxc6 bxc6 30. Nb4 Ne7 31. Nb1 f5 32. Nxa3 e4 33. Bxg7 Kxg7 34. Nb1 c5 35. Nc2 (35. Nd5 $5 Nxd5 36. cxd5 Rxd5 {[#]} 37. a4 $1 $11 {[%mdl 512]}) 35... Nc6 36. Nc3 Ne5 $36 {[%mdl 2048] Black has the initiative.} 37. Rd1 $2 {[%mdl 8192] [#]} (37. Na3 $11 {and White has nothing to worry.}) 37... Rxd1+ $19 38. Nxd1 Ba4 39. gxf5 gxf5 ({Not} 39... Bxc2 40. fxe6 Bxd1 41. Bxe4 $19) 40. Nc3 {Black is clearly winning.} Bxc2 41. a4 Nxc4 42. Bf1 Bd3 {Precision: White = 39%, Black = 75%.} 0-1

[Event "1st Turkish League 2017"]
[Site "Konya"]
[Date "2017.07.18"]
[Round "3"]
[White "Maghalashvili, Davit"]
[Black "Matsenko, Sergei"]
[Result "1/2-1/2"]
[WhiteElo "2489"]
[BlackElo "2534"]
[Annotator "TA"]
[PlyCount "61"]
[EventType "team-tourn"]
[EventCountry "TUR"]
[SourceTitle "playchess.com"]
[Source "ChessBase"]
[SourceQuality "1"]

{[%evp 26,61,22,19,35,0,0,0,26,26,30,27,27,26,26,28,33,27,36,5,3,0,0,0,0,0,0,0,0,-5,-5,-2,0,-8,-8,-10,-8,-41]} 1. c4 Nf6 2. Nf3 e6 3. Nc3 c5 4. g3 b6 5. Bg2 Bb7 6. O-O Be7 7. Re1 Ne4 8. Nxe4 Bxe4 9. d3 Bb7 10. e4 {A30: Symmetrical English: Double Fianchetto and Hedgehog} Nc6 11. d4 Nxd4 12. Nxd4 cxd4 13. Qxd4 O-O 14. Bf4 {LiveBook: 28 Games} Qc8 {[#]} (14... Bc5 15. Qd2 Qe7 16. Red1 e5 17. Bg5 f6 {½-½ (34) Kuzubov,Y (2635)-Zhigalko,S (2653) Izmir 2016}) 15. Bd6 $146 ({Predecessor:} 15. Rad1 Rd8 16. b3 Qc6 17. Bd6 Bxd6 18. Qxd6 Qxd6 19. Rxd6 {½-½ (36) Ovetchkin,R (2524)-Matsenko,S (2485) Nizhny Tagil 2014}) 15... Bxd6 16. Qxd6 Rd8 17. b3 Qc6 18. Red1 Qxd6 19. Rxd6 Kf8 20. e5 Bxg2 21. Kxg2 $11 {[%mdl 4096] Endgame KRR-KRR} Ke7 22. f4 f6 {The position is equal.} 23. a4 {[%cal Ba2a4,Ba4a5][%mdl 32]} Rac8 24. a5 fxe5 25. fxe5 Rc5 26. axb6 Rxe5 27. Rad1 axb6 28. Rxb6 Re2+ 29. Kh3 h5 30. Rbd6 g5 31. R6d2 1/2-1/2

[Event "1st Turkish League 2017"]
[Site "Konya"]
[Date "2017.07.18"]
[Round "3"]
[White "Khamrakulov, Djurabek"]
[Black "Aghamaliyev, Cemil"]
[Result "1-0"]
[WhiteElo "2477"]
[BlackElo "2493"]
[Annotator "TA"]
[PlyCount "79"]
[EventType "team-tourn"]
[EventCountry "TUR"]
[SourceTitle "playchess.com"]
[Source "ChessBase"]
[SourceQuality "1"]

{[%evp 11,79,34,38,24,29,38,36,38,52,24,37,35,49,22,57,29,68,64,83,91,97,57,129,120,94,38,81,17,0,-30,27,31,58,33,96,55,123,123,221,219,220,214,247,251,252,240,294,266,413,390,441,325,379,304,309,290,366,362,358,357,740,731,708,558,512,469,445,404,421,314]} 1. e4 e5 2. Nf3 Nc6 3. d4 exd4 4. Nxd4 Bc5 5. Nb3 Bb4+ 6. c3 Be7 7. Bf4 {C45: Scotch Game} d6 8. N1d2 (8. Be2 Bg5 9. Bg3 Bh4 10. N1d2 Bxg3 11. hxg3 Nf6 12. f4 Qe7 13. Bf3 g5 14. Qc2 Ng4 {1-0 (32) Popov,I (2650)-Sivuk,V (2566) New Delhi 2016}) 8... Nf6 9. h3 {White is slightly better.} O-O 10. Bd3 Re8 11. O-O Bf8 $146 ({Predecessor:} 11... b6 12. Nf3 Bb7 13. Qc2 Bf8 14. Rad1 Nd7 {½-½ (71) Brunello,M (2261)-Vishnu,P (2468) Rochefort 2014}) 12. Re1 Ne5 13. Bc2 Bd7 14. Bh2 c6 15. f4 Ng6 16. Qf3 a5 {[#]} ({Black should try} 16... Qb6+ $14 17. Kh1 c5) 17. a4 $1 $16 c5 18. g4 (18. e5 $16 dxe5 19. fxe5) 18... h6 19. c4 (19. Qf1 $16) 19... Bc6 $11 20. Re3 Qb6 (20... Be7 $142) 21. Qf2 Nh8 22. Qe2 Rad8 (22... Nd7 $14) 23. Bg3 Qb4 (23... g5 $14) 24. Be1 $36 {[%mdl 2048] Nf3 is the strong threat. White is in control.} Ng6 {[#]} (24... Qb6 $16) 25. Nb1 $1 $18 {[%csl LRa5,LRb4]} Qb6 ({Reject} 25... Nxf4 26. Qf1 $18) 26. Bxa5 Qa6 27. Bxd8 Rxd8 28. Qf1 Qb6 29. Nc3 Qb4 (29... Re8 $142 30. a5 Qa7) 30. a5 Re8 31. Rae1 Ne7 32. Nd5 Nexd5 33. exd5 Rxe3 34. Rxe3 Ba4 35. g5 hxg5 $2 (35... Nh5 36. h4 hxg5 37. fxg5 Bd7) 36. fxg5 Nd7 37. g6 fxg6 38. Bxg6 {Qf7+ would kill now.} Nf6 39. Bc2 Bd7 40. Qd3 {Precision: White = 54%, Black = 36%.} 1-0

[Event "1st Turkish League 2017"]
[Site "Konya"]
[Date "2017.07.18"]
[Round "3"]
[White "Nechaeva, Marina"]
[Black "Zimina, Olga"]
[Result "1-0"]
[WhiteElo "2408"]
[BlackElo "2390"]
[Annotator "ChessBase"]
[PlyCount "69"]
[EventType "team-tourn"]
[EventCountry "TUR"]
[SourceTitle "playchess.com"]
[Source "ChessBase"]
[SourceQuality "1"]
[TimeControl "5400+30"]

1. d4 {[%emt 0:00:30]} g6 {[%emt 0:01:00]} 2. c4 {[%emt 0:00:00]} Bg7 {[%emt 0:00:00]} 3. e4 {[%emt 0:02:00]} c5 {[%emt 0:00:00]} 4. d5 {[%emt 0:00:30]} d6 {[%emt 0:00:30]} 5. Nc3 {[%emt 0:00:30]} e6 {[%emt 0:00:30]} 6. Bd3 {[%emt 0:00:00]} Ne7 {[%emt 0:00:00]} 7. h3 {[%emt 0:02:00]} O-O {[%emt 0:01:00]} 8. Nf3 {[%emt 0:00:00]} a6 {[%emt 0:00:00]} 9. a4 {[%emt 0:03:00]} exd5 {[%emt 0:01:00]} 10. cxd5 {[%emt 0:00:00]} h6 {[%emt 0:06:30]} 11. O-O {[%emt 0:00:00]} g5 {[%emt 0:00:30]} 12. Rb1 {[%emt 0:11:30]} Ng6 {[%emt 0:08:30]} 13. Ne2 {[%emt 0:02:30]} Nd7 {[%emt 0:08:30]} 14. b4 {[%emt 0:04:30]} b6 {[%emt 0:04:30]} 15. bxc5 {[%emt 0:13:30]} bxc5 {[%emt 0:01:30]} 16. Ng3 {[%emt 0:00:30]} Nde5 {[%emt 0:00:30]} 17. Nxe5 {[%emt 0:02:30]} Bxe5 {[%emt 0:07:30]} 18. Nf5 {[%emt 0:17:30]} Bg7 {[%emt 0:29:30]} 19. Nxg7 {[%emt 0:02:30]} Kxg7 {[%emt 0:00:30]} 20. Bd2 {[%emt 0:08:30]} f6 {[%emt 0:02:30]} 21. a5 {[%emt 0:02:30]} Rf7 {[%emt 0:00:30]} 22. Qe2 {[%emt 0:01:30]} Re7 {[%emt 0:01:30]} 23. Rb6 {[%emt 0:00:30]} Bb7 {[%emt 0:05:30]} 24. f4 {[%emt 0:04:30]} Qd7 {[%emt 0:02:35]} 25. e5 {[%emt 0:05:29]} fxe5 {[%emt 0:04:25]} 26. Bxg6 {[%emt 0:01:32]} Kxg6 {[%emt 0:00:27]} 27. fxe5 {[%emt 0:00:03]} Kg7 {[%emt 0:02:48]} 28. Bc3 {[%emt 0:01:32]} Kg8 {[%emt 0:00:22]} 29. Qe4 {[%emt 0:05:46]} Rf8 {[%emt 0:05:27]} 30. Rxf8+ {[%emt 0:00:26]} Kxf8 {[%emt 0:00:30]} 31. e6 {[%emt 0:00:00]} Qe8 {[%emt 0:01:18]} 32. Qf5+ {[%emt 0:00:30]} Kg8 {[%emt 0:00:30]} 33. Qf6 {[%emt 0:00:00]} Kh7 {[%emt 0:00:11]} 34. Rxd6 {[%emt 0:00:24]} Ba8 {[%emt 0:00:44]} 35. Qxe7+ {[%emt 0:00:10]} 1-0

[Event "1st Turkish League 2017"]
[Site "Konya"]
[Date "2017.07.18"]
[Round "3"]
[White "Koksal, Ege"]
[Black "Caglar, Ahmet Ata"]
[Result "1-0"]
[WhiteElo "2390"]
[BlackElo "2082"]
[Annotator "NA"]
[PlyCount "79"]
[EventType "team-tourn"]
[EventCountry "TUR"]
[SourceTitle "playchess.com"]
[Source "ChessBase"]
[SourceQuality "1"]
[TimeControl "5400+30"]

1. d4 {[%emt 0:00:30]} Nf6 {[%emt 0:01:00]} 2. Nf3 {[%emt 0:00:30]} g6 {[%emt 0:00:00]} 3. c4 {[%emt 0:00:30]} Bg7 {[%emt 0:00:00]} 4. g3 {[%emt 0:00:30]} O-O {[%emt 0:00:30]} 5. Bg2 {[%emt 0:00:00]} d6 {[%emt 0:00:30]} 6. O-O {[%emt 0:00:00]} Nc6 {[%emt 0:00:30]} 7. Nc3 {[%emt 0:00:00]} a6 {[%emt 0:00:00]} 8. Bf4 {[%emt 0:00:00]} Rb8 {[%emt 0:02:00]} 9. Rc1 {[%emt 0:00:30]} Bd7 {[%emt 0:11:30]} 10. Nd5 {[%emt 0:11:30]} b5 {[%emt 0:05:30]} 11. Nxf6+ {[%emt 0:02:30]} Bxf6 {[%emt 0:01:30]} 12. Qd2 {[%emt 0:02:30]} e5 {[%emt 0:12:30]} 13. dxe5 {[%emt 0:16:30]} dxe5 {[%emt 0:03:30]} 14. Bh6 {[%emt 0:18:30]} Re8 {[%emt 0:00:00]} 15. cxb5 {[%emt 0:03:30]} axb5 {[%emt 0:02:00]} 16. Rfd1 {[%emt 0:08:30]} Nd4 {[%emt 0:00:30]} 17. Nxd4 {[%emt 0:00:30]} exd4 {[%emt 0:00:30]} 18. Bf4 {[%emt 0:00:30]} Rc8 {[%emt 0:06:30]} 19. Bb7 {[%emt 0:06:30]} c5 {[%emt 0:00:30]} 20. b3 {[%emt 0:14:24]} Qb6 {[%emt 0:03:30]} 21. Bxc8 {[%emt 0:01:44]} Rxc8 {[%emt 0:00:30]} 22. Bg5 {[%emt 0:00:32]} Bg7 {[%emt 0:00:30]} 23. Bh6 {[%emt 0:01:53]} Bf6 {[%emt 0:00:30]} 24. Bg5 {[%emt 0:02:41]} Bg7 {[%emt 0:00:30]} 25. f3 {[%emt 0:01:42]} c4 {[%emt 0:02:30]} 26. Be3 {[%emt 0:00:36]} cxb3 {[%emt 0:05:30]} 27. Rxc8+ {[%emt 0:00:30]} Bxc8 {[%emt 0:00:30]} 28. axb3 {[%emt 0:00:20]} Qe6 {[%emt 0:04:30]} 29. Bxd4 {[%emt 0:01:17]} Bxd4+ {[%emt 0:00:00]} 30. Qxd4 {[%emt 0:00:00]} Qxe2 {[%emt 0:00:00]} 31. Qd3 {[%emt 0:00:10]} Qe6 {[%emt 0:00:30]} 32. Kf2 {[%emt 0:00:45]} Qh3 {[%emt 0:01:30]} 33. Qd8+ {[%emt 0:00:30]} Kg7 {[%emt 0:00:00]} 34. Qd4+ {[%emt 0:00:56]} Kg8 {[%emt 0:00:00]} 35. Qh4 {[%emt 0:01:21]} Qf5 {[%emt 0:02:30]} 36. Rd8+ {[%emt 0:00:16]} Kg7 {[%emt 0:00:30]} 37. Qd4+ {[%emt 0:00:04]} f6 {[%emt 0:00:00]} 38. Qa7+ {[%emt 0:00:38]} Kh6 {[%emt 0:00:00]} 39. Qe3+ {[%emt 0:01:40]} g5 {[%emt 0:01:30]} 40. h4 {[%emt 0:00:22]} 1-0

[Event "1st Turkish League 2017"]
[Site "Konya"]
[Date "2017.07.18"]
[Round "3"]
[White "Erturan, Yakup"]
[Black "Annaberdiyev, Babageldi"]
[Result "1-0"]
[WhiteElo "2371"]
[BlackElo "2262"]
[Annotator "NA"]
[PlyCount "89"]
[EventType "team-tourn"]
[EventCountry "TUR"]
[SourceTitle "playchess.com"]
[Source "ChessBase"]
[SourceQuality "1"]
[TimeControl "5400+30"]

1. d4 {[%emt 0:00:30]} c5 {[%emt 0:05:00]} 2. d5 {[%emt 0:02:30]} e5 {[%emt 0:00:30]} 3. c4 {[%emt 0:01:30]} d6 {[%emt 0:00:30]} 4. Nc3 {[%emt 0:00:30]} Be7 {[%emt 0:10:30]} 5. e4 {[%emt 0:04:30]} a6 {[%emt 0:02:30]} 6. Bd3 {[%emt 0:01:30]} Bg5 {[%emt 0:02:30]} 7. Nge2 {[%emt 0:04:30]} Bxc1 {[%emt 0:00:30]} 8. Qxc1 {[%emt 0:00:00]} Ne7 {[%emt 0:00:30]} 9. O-O {[%emt 0:02:00]} O-O {[%emt 0:01:30]} 10. Ng3 {[%emt 0:03:30]} Ng6 {[%emt 0:01:30]} 11. Qe3 {[%emt 0:04:30]} Nf4 {[%emt 0:03:30]} 12. Rfb1 {[%emt 0:04:30]} g6 {[%emt 0:00:30]} 13. Bf1 {[%emt 0:02:30]} Nd7 {[%emt 0:05:30]} 14. Nge2 {[%emt 0:00:30]} Nxe2+ {[%emt 0:02:30]} 15. Bxe2 {[%emt 0:00:30]} f5 {[%emt 0:01:30]} 16. exf5 {[%emt 0:00:30]} gxf5 {[%emt 0:00:30]} 17. f4 {[%emt 0:00:00]} Qf6 {[%emt 0:00:30]} 18. fxe5 {[%emt 0:03:00]} Nxe5 {[%emt 0:03:30]} 19. g3 {[%emt 0:08:30]} Bd7 {[%emt 0:00:30]} 20. Rf1 {[%emt 0:00:30]} Qg7 {[%emt 0:00:30]} 21. Rf2 {[%emt 0:01:30]} Rae8 {[%emt 0:00:30]} 22. Qd2 {[%emt 0:01:30]} Ng6 {[%emt 0:02:30]} 23. Kh1 {[%emt 0:07:30]} Re5 {[%emt 0:02:30]} 24. Raf1 {[%emt 0:01:30]} Rfe8 {[%emt 0:00:30]} 25. Bd3 {[%emt 0:01:30]} Rf8 {[%emt 0:09:30]} 26. Ne2 {[%emt 0:03:30]} b5 {[%emt 0:02:30]} 27. b3 {[%emt 0:00:30]} b4 {[%emt 0:01:30]} 28. Nf4 {[%emt 0:00:30]} Re7 {[%emt 0:11:30]} 29. Nxg6 {[%emt 0:13:30]} hxg6 {[%emt 0:00:30]} 30. g4 {[%emt 0:00:30]} Qd4 {[%emt 0:04:30]} 31. gxf5 {[%emt 0:03:30]} Bxf5 {[%emt 0:00:30]} 32. Bxf5 {[%emt 0:00:30]} Qxd2 {[%emt 0:00:30]} 33. Rxd2 {[%emt 0:00:30]} Rxf5 {[%emt 0:00:30]} 34. Rxf5 {[%emt 0:00:30]} gxf5 {[%emt 0:00:00]} 35. Kg2 {[%emt 0:00:30]} Re1 {[%emt 0:03:00]} 36. Kf2 {[%emt 0:02:30]} Ra1 {[%emt 0:00:30]} 37. Kf3 {[%emt 0:00:30]} Kf7 {[%emt 0:00:00]} 38. Re2 {[%emt 0:00:30]} Kg6 {[%emt 0:05:49]} 39. Re6+ {[%emt 0:03:08]} Kg5 {[%emt 0:01:35]} 40. Rxd6 {[%emt 0:01:00]} Rxa2 {[%emt 0:00:09]} 41. h4+ {[%emt 0:00:20]} Kxh4 {[%emt 0:00:35]} 42. Rc6 {[%emt 0:00:49]} Kg5 {[%emt 0:01:10]} 43. Rxc5 {[%emt 0:00:25]} Rb2 {[%emt 0:00:47]} 44. d6 {[%emt 0:00:18]} Rxb3+ {[%emt 0:00:13]} 45. Ke2 {[%emt 0:00:05]} 1-0